Highest-Rated NBA 2K Players (Including NBA 2K22) - Statistics

General Stats
  • This quiz has been taken 348 times
  • The average score is 19 of 26
Answer Stats
Years Player % Correct
2019, 2020, 2021, 2022 LeBron James
100%
2019, 2020, 2021, 2022 Giannis Antetokounmpo
95%
2019, 2020, 2021, 2022 Stephen Curry
95%
2019, 2020, 2021, 2022 Kevin Durant
94%
2019, 2020, 2021, 2022 James Harden
92%
2019, 2020, 2021, 2022 Nikola Jokic
90%
2021, 2022 Luka Dončić
88%
2019, 2020, 2021, 2022 Kawhi Leonard
84%
2019, 2020, 2021, 2022 Anthony Davis
83%
2019, 2020, 2021, 2022 Kyrie Irving
83%
2019, 2020 Russell Westbrook
83%
2019, 2020, 2021, 2022 Joel Embiid
82%
2019, 2020, 2021, 2022 Damian Lillard
79%
2019, 2022 Chris Paul
75%
2021, 2022 Jayson Tatum
75%
2019, 2020 Paul George
75%
2022 Devin Booker
71%
2019, 2020 Klay Thompson
70%
2019, 2021, 2022 Jimmy Butler
66%
2022 Trae Young
64%
2019, 2020 Karl-Anthony Towns
54%
2019 Demar DeRozan
53%
2022 Zion WIlliamson
53%
2022 Bradley Beal
49%
2019 John Wall
39%
2019 DeMarcus Cousins
26%
No matching quizzes found
Score Distribution
Percent of People with Each Score
Percentile by Number Answered
Your Score History
You have not taken this quiz